Größte deutsche Städte nach Buchstabe - G - Statistiken

Allgemein
  • Dieses Quiz wurde 27.287 mal gespielt
  • Das Durchschnittsergebnis liegt bei 6 aus 16
Antwortstatistiken
Land Einwohner Stadt % Korrekt
NRW 259.645 Gelsenkirchen
77%
Thüringen 93.125 Gera
69%
Niedersachsen 118.911 Göttingen
67%
Hessen 89.802 Gießen
63%
NRW 100.861 Gütersloh
41%
Mecklenburg-Vorpommern 59.232 Greifswald
37%
Niedersachsen 50.554 Goslar
33%
Baden-Württemberg 57.813 Göppingen
30%
Sachsen 55.980 Görlitz
29%
Thüringen 45.419 Gotha
27%
NRW 50.952 Gummersbach
23%
NRW 75.610 Gladbeck
20%
NRW 48.321 Gronau (Westf.)
15%
Niedersachsen 42.837 Gifhorn
13%
NRW 63.743 Grevenbroich
13%
Niedersachsen 61.032 Garbsen
11%
Keine übereinstimmenden Quizze gefunden
Verteilung der Resultate
Anzahl Personen mit jedem Resultat
Perzentil nach korrekt beantworteten Fragen
Ihre Resultats-Entwicklung
Sie haben dieses Quiz noch nicht gespielt